"Európsky týždeň vedy 2006" na Ekonomickej univerzite v Bratislave (v dňoch 20.-26. novembra 2006)
Stručná informácia o " Európskom týždni vedy 2006" . Program aktivít organizovaných v rámci Týždňa vedy na Slovensku fakultami a pracoviskami EU v Bratislave
Enregistré dans:
| Auteur principal: | |
|---|---|
| Format: | Chapitre de livre |
| Langue: | slovaque |
| Sujets: | |
| Tags: |
Pas de tags, Soyez le premier à ajouter un tag!
|
MARC
| LEADER | 00000naa$a2200000$$$4500 | ||
|---|---|---|---|
| 001 | 0053432 | ||
| 005 | 20230918090251.8 | ||
| 041 | 0 | |a slo | |
| 044 | |a SK | ||
| 245 | 1 | 0 | |a "Európsky týždeň vedy 2006" na Ekonomickej univerzite v Bratislave (v dňoch 20.-26. novembra 2006) |c Monika Štefíková |
| 520 | |a Stručná informácia o " Európskom týždni vedy 2006" . Program aktivít organizovaných v rámci Týždňa vedy na Slovensku fakultami a pracoviskami EU v Bratislave | ||
| 610 | 2 | 0 | |a veda |
| 610 | 2 | 0 | |a Ekonomická univerzita v Bratislave |
| 610 | 2 | 0 | |a 2006 |
| 610 | 2 | 0 | |a veda ekonomická |
| 610 | 2 | 0 | |a výskum ekonomický |
| 100 | 1 | |a Štefíková, Monika | |